3 biggest cities by country (Asia) - Statistics

General Stats
  • This quiz has been taken 530 times
  • The average score is 19 of 24
Answer Stats
Answer % Correct
Beijing
99%
Shanghai
98%
Tokyo
98%
Delhi
97%
Jakarta
96%
Mumbai
96%
Seoul
96%
Osaka
95%
Jerusalem
94%
Riyadh
91%
Tel Aviv
91%
Karachi
88%
Busan
80%
Lahore
80%
Mecca
80%
Jeddah
73%
Bangalore
67%
Yokohama
64%
Tianjin
60%
Surabaya
55%
Haifa
54%
Bandung
50%
Incheon
50%
Faisalabad
35%
No matching quizzes found
Score Distribution
Percent of People with Each Score
Percentile by Number Answered
Your Score History
You have not taken this quiz